| 000 | 00487nam a2200157 4500 | ||
|---|---|---|---|
| 001 | 131494 | ||
| 003 | ES-MaACL | ||
| 005 | 20230906194007.0 | ||
| 007 | t| | ||
| 008 | 070214s1973 sp r ||||1| spa d | ||
| 100 | 1 |
_aRodríguez Doreste, Juan. _998498 |
|
| 245 | 1 | 0 |
_aSeres, sombras, sueños _b: semblanzas breves / _cJuan Rodríguez Doreste. |
| 260 |
_aSanta Cruz de Tenerife : _bNuestro Arte, _c1973. |
||
| 300 |
_a259 p., 10 lám. ; _c19 cm. |
||
| 852 |
_aES-MaACL _jC-55810 _bR.88612 |
||
| 999 |
_c131494 _d131494 |
||